<?xml version="1.0" encoding="UTF-8"?>
<record
    xmlns:xsi="http://www.w3.org/2001/XMLSchema-instance"
    xsi:schemaLocation="http://www.loc.gov/MARC21/slim http://www.loc.gov/standards/marcxml/schema/MARC21slim.xsd"
    xmlns="http://www.loc.gov/MARC21/slim">

  <leader>02995nab a2200277 i 4500</leader>
  <controlfield tag="003">BR-BrBNA</controlfield>
  <controlfield tag="005">20241210153607.0</controlfield>
  <controlfield tag="008">241210b2011    bl.qr|pooa||| 00| 0 por |</controlfield>
  <datafield tag="040" ind1=" " ind2=" ">
    <subfield code="a">BR-BrBNA</subfield>
    <subfield code="b">por</subfield>
  </datafield>
  <datafield tag="072" ind1=" " ind2=" ">
    <subfield code="a">F70</subfield>
  </datafield>
  <datafield tag="100" ind1=" " ind2=" ">
    <subfield code="a">Fortuna-Perez, Ana Paula</subfield>
  </datafield>
  <datafield tag="100" ind1=" " ind2=" ">
    <subfield code="a">Silva, Marcos Jos&#xE9; da </subfield>
  </datafield>
  <datafield tag="100" ind1=" " ind2=" ">
    <subfield code="a">Tozzi, Ana Maria Goulart de Azevedo </subfield>
  </datafield>
  <datafield tag="245" ind1=" " ind2=" ">
    <subfield code="a">Stylosanthes (Leguminosae&#x2013;Papilionoideae&#x2013;Dalbergiae) no estado de S&#xE3;o Paulo, Brasil</subfield>
  </datafield>
  <datafield tag="500" ind1=" " ind2=" ">
    <subfield code="a">Publica&#xE7;&#xE3;o on-line; 21 ref.; 5 illus.; Summaries (En, Pt)</subfield>
  </datafield>
  <datafield tag="520" ind1=" " ind2=" ">
    <subfield code="a">

Resumo

Stylosanthes Sw. possui 48 esp&#xE9;cies com distribui&#xE7;&#xE3;o pantropical. O g&#xEA;nero &#xE9; membro do informal clado
Pterocarpus &#x2013; Dalbergi&#xF3;ide. Este trabalho apresenta um estudo taxon&#xF4;mico do g&#xEA;nero Stylosanthes para o
estado de S&#xE3;o Paulo e foi realizado atrav&#xE9;s de consulta de literatura especializada e exsicatas oriundas de
herb&#xE1;rios nacionais. Foram reconhecidas nove esp&#xE9;cies: S. acuminata M.B. Ferreira &amp; Sousa Costa, S.
bracteata Vogel, S. capitata Vogel, S. humilis Kunth, S. gracilis Kunth, S. grandiflora M.B. Ferreira &amp; Sousa
Costa, S guianensis (Aubl.) Sw., S. scabra Vogel e S. viscosa Sw., diferenciadas principalmente pelo h&#xE1;bito,
forma da infloresc&#xEA;ncia, n&#xFA;mero de art&#xED;culos por lomento, aspecto do rostro nos lomentos e da semente.
Descri&#xE7;&#xF5;es, ilustra&#xE7;&#xF5;es, coment&#xE1;rios sobre afinidades entre as esp&#xE9;cies, baseadas em morfologia e distribui&#xE7;&#xE3;o
geogr&#xE1;fica, e uma chave para o reconhecimento dos t&#xE1;xons s&#xE3;o fornecidos.

Palavras-chave: flora, Stylosanthes, taxonomia, diversidade.
</subfield>
  </datafield>
  <datafield tag="520" ind1=" " ind2=" ">
    <subfield code="a">

Abstract

Stylosanthes Sw. comprises 48 species with a pantropical distribution. The genus is a member of the informal
Pterocarpus &#x2013; Dalbergioid clade. This work presents a taxonomic study of the genus Stylosanthes for S&#xE3;o Paulo
state, through analysis of specialized literature and material from national herbaria. Nine species were recognized:
S. acuminata M.B. Ferreira &amp; Sousa Costa, S. bracteata Vogel, S. capitata Vogel, S. humilis Kunth, S. gracilis
Kunth, S. grandiflora M.B. Ferreira &amp; Sousa Costa, S guianensis (Aubl.) Sw., S. scabra Vogeland S. viscosa Sw.,
differing mainly in habit, inflorescence form, number of articles per loment, aspect of the rostrum in the loments
and seed aspect. Descriptions, illustrations, comments on affinities between species based on morphology, geographic
distribution and a key for the recognition of the taxa are provided.

Key words: flora, Stylosanthes, taxonomy, diversity.
</subfield>
  </datafield>
  <datafield tag="650" ind1=" " ind2=" ">
    <subfield code="a">FLORA</subfield>
  </datafield>
  <datafield tag="650" ind1=" " ind2=" ">
    <subfield code="a">TAXONOMIA</subfield>
  </datafield>
  <datafield tag="650" ind1=" " ind2=" ">
    <subfield code="a">BIODIVERSIDADE</subfield>
  </datafield>
  <datafield tag="650" ind1=" " ind2=" ">
    <subfield code="a">STYLOSANTHES GUIANENSIS</subfield>
  </datafield>
  <datafield tag="773" ind1="0" ind2=" ">
    <subfield code="0">709</subfield>
    <subfield code="9">347204</subfield>
    <subfield code="d">Rio de Janeiro-RJ Jardim Botanico do Rio de Janeiro 1935</subfield>
    <subfield code="o">2024-8121</subfield>
    <subfield code="t">Rodrigu&#xE9;sia (Brazil)</subfield>
    <subfield code="x">0370-6583; 2175-7860 on-line</subfield>
    <subfield code="g">v. 62(3) p. 615-628; (2011)</subfield>
    <subfield code="w">BR2024003849</subfield>
  </datafield>
  <datafield tag="856" ind1=" " ind2=" ">
    <subfield code="u">https://www.scielo.br/j/rod/a/fMXgPbpfXW83C4mZ7z99Q5B/?format=pdf&amp;lang=pt</subfield>
  </datafield>
  <datafield tag="942" ind1=" " ind2=" ">
    <subfield code="c">ANA</subfield>
  </datafield>
  <datafield tag="999" ind1=" " ind2=" ">
    <subfield code="c">329151</subfield>
    <subfield code="d">329151</subfield>
  </datafield>
</record>
